00775nam a2200181 i 4500001000300000100002000003245006100023246004000084260004400124300002100168500027300189650003000462020001500492040000800507041000900515080002800524008004100552bg1 aSZKUTNIK, Maria10aPodręczny słownik angielsko-polski /cMaria Szkutnik.15aPractical English-Polish dictionary aWarszawa :b"Wiedza Powszechna",c2001. a796 s. ;c21 cm. aTyt. równol.: A practical English-Polish dictionary. - Na okł. podtyt.: A-Z : nowy : 100 000 wyrazów hasłowych i przykładów ich użycia, bogata frazeologia i terminologia, liczne amerykanizmy, spisy nazw geograficznych i skrótów, transkrypcja fonetyczna. 9aSłownik angielsko-polski a8321411215 cBPK1 aenpl a811.111::811.162.1]'374 s pl f |000 0 pol